000 00817nam a2200241Ia 4500
003 OSt
005 20220923223947.0
006 a|||||r|||| 00| 0
007 ta
008 220922b |||||||| |||| 00| 0 hin d
024 _a223,659
037 _cTextual
040 _aARTS
_cARTS
_bhin
041 _2hin
_ahin
082 _aP152:3, 152P4
100 _aकविता कुमार
_9156290
245 0 _aहिन्दी व्याकरण
_b एक नवीन दृष्टिकोण
246 _aHindī vyākaraṇa: ek navīn dṛuṣhṭikoṇa
260 _aनयी दिल्ली
_b किताबघर प्रकाशन
_c2004
300 _a327पृ.
_ccm.
942 _hP152:3, 152P4
_cTEXL
_2CC
999 _c368430
_d368430